Statistics for Countries and States I (Gassu) have visited (1000th Quiz)

Click here to take the quiz!

General Stats

  • This quiz has been taken 49 times
    (17 since last reset)
  • The average score is 24 of 35

Answer Stats

Answer % Correct
Germany
100%
France
93%
Switzerland
86%
Arizona
86%
Hong Kong (China)
86%
Slovenia
79%
Norway
79%
Colorado
79%
Italy
79%
Australia
79%
California
79%
Denmark
79%
New Zealand
79%
Austria
71%
Utah
71%
San Marino
71%
Spain
71%
Nevada
71%
Sweden
71%
United Kingdom
71%
Belgium
71%
Wyoming
71%
South Dakota
64%
Vatican City
64%
Luxembourg
64%
Liechtenstein
64%
Finland
64%
Ireland
64%
Montana
64%
Monaco
57%
Idaho
50%
Bosnia and Herzegovina
43%
Croatia
43%
Qatar
29%
Cook Islands (New Zealand)
21%

Score Distribution

Percentile by Number Answered

Percent of People with Each Score

Your Score History

You have not taken this quiz since the last reset